00577nam a2200169Ia 4500008004100000020001800041040001800059041000800077100001800085245004200103260004600145300003100191504009500222650002300317651003300340651003400373130821s1989 enkab gr eng  a9780140132502 aCo-BoUCMbspa00aeng1 aFoster, R. F.10aModern Ireland 1600-1972cR.F. Foster aLondres (Inglaterra)bPenguin Booksc1989 axiii, 688 páginasbmapas aIncluye referencias bibliográfics, glosario, índice de materias e índice de nombres.04aHistoria de Europa 4aIrlandaxHistoriay1651-1719 4aIrlandaxHistoriaySiglo XVII